Sports Quiz

Random Sports or NHL Quiz

Florida Panthers captains Quiz Stats

 Plays Quiz not verified by Sporcle

Also try: NFL Teams (Redux)
Challenge
Share
Tweet
Embed
Score 0/8 Timer 01:30
0 Plays Today
Hint Answer % Correct
2001-02Pavel Bure
84.8%
2003-08Olli Jokinen
84.8%
1997-2001Scott Mellanby
76.1%
2016-presentDerek MacKenzie
67.4%
2012-14Ed Jovanovski
60.9%
2014-16Willie Mitchell
52.2%
1993-97Brian Skrudland
30.4%
2009-11Bryan McCabe
21.7%

You're not logged in!

Compare scores with friends on all Sporcle quizzes.
Join for Free
OR
Log In

You Might Also Like...

Show Comments

Extras

Top Quizzes Today


Score Distribution

Your Account Isn't Verified!

In order to create a playlist on Sporcle, you need to verify the email address you used during registration. Go to your Sporcle Settings to finish the process.

Report this User

Report this user for behavior that violates our Community Guidelines.

Details: